000 00226nam a2200097 a 4500
005 20200930063141.0
008 110701s2004 000 spa d
245 0 _aEstatutos y reglamento.
260 _c[s.f.].
999 _c31240
_d31240
040 _aDO-SdBNP